| 000 | 00692nam a2200229 u 4500 | ||
|---|---|---|---|
| 005 | 20240831063817.0 | ||
| 008 | 181122s2008 es 000 0 spa d | ||
| 020 | _a9788484525394 | ||
| 035 | _aUPN01000228052 | ||
| 049 | _aI | ||
| 050 | 4 |
_aPZ78 _bM3.29 |
|
| 100 | 1 |
_aManso, Anna, _d1969- _933508 |
|
| 245 | 1 | 0 |
_aBotas nuevas / _ctexto Anna Manso ; il. Africa Fanlo ; tr. Alberto Jiménez. |
| 260 |
_aBarcelona, Esp. : _bCSF : _bIntermón Oxfam, _c2008. |
||
| 300 |
_a[29] p. : _bil. col. |
||
| 440 | 0 |
_aValores ; _v4 |
|
| 650 | 4 |
_aCuentos infantiles españoles _97725 |
|
| 650 | 4 |
_aLibros y lectura para niños _92290 |
|
| 905 | _aInfantil | ||
| 999 |
_c200147 _d200147 |
||